UNESCO World Heritage Sites in India - Statistics

General Stats
  • This quiz has been taken 373 times
  • The average score is 6 of 30
Answer Stats
Hint Answer % Correct
1983 Taj Mahal
98%
2007 Red Fort Complex
50%
1983 Ajanta Caves
49%
1983 Ellora Caves
46%
1986 Group of Monuments at Hampi
31%
1983 Agra Fort
30%
1987 Elephanta Caves
25%
1984 Sun Temple Konark
24%
1986 Fatehpur Sikri
21%
1986 Khajuraho Group of Monuments
21%
1993 Humayun's Tomb Delhi
20%
1984 Group of Monuments at Mahabalipuram
19%
1989 Buddhist Monuments at Sanchi
17%
1985 Kaziranga National Park Assam
17%
1987 Sundarbans National Park
16%
1993 Qutub Minar and its Monuments Delhi
15%
2012 Western Ghats
15%
2004 Chhatrapati Shivaji Terminus Mumbai
11%
2002 Mahabodhi Temple Complex at Bodh Gaya
11%
1987 Great Living Chola Temples
10%
1987 Group of Monuments at Pattadakal
9%
1985 Keoladeo National Park Rajasthan
9%
1985 Manas Wildlife Sanctuary
9%
1999 Mountain Railways of India
9%
1988 Nanda Devi and Valley of Flowers National Park
9%
2013 Hill Forts of Rajasthan
8%
1986 Churches-Convents of Goa
6%
2004 Champaner-Pavagadh Archaelogical Park
4%
2010 Jantar Mantar Jaipur
3%
2003 Rock Shelters of Bhimbhetka
2%
No matching quizzes found
Score Distribution
Percent of People with Each Score
Percentile by Number Answered
Your Score History
You have not taken this quiz